00314nam a22001337a 4500020001800000082001200018100001300030245004500043260003500088300001000123490001800133650001600151650001300167 a9789380298610 a510 BAL aBali,N.P aCo-Ordinate geometry for BA,BSc Students aBanglorebFirewall mediac2011 a514 p aGolden Maths  amathematics ageometry